| 000 | 01116ngm a22003250a 4500 | ||
|---|---|---|---|
| 001 | PT18572 | ||
| 003 | AR-LpoUNG | ||
| 005 | 20210202000255.0 | ||
| 007 | vd cvaizq | ||
| 008 | 191001s2003||||ag |||||||||||||||||spa d | ||
| 037 | _c$4.00 | ||
| 040 |
_aAR-LpoUNG _bspa _cAR-LpoUNG _eaacr |
||
| 041 | _aspa | ||
| 044 | _aag | ||
| 082 | 0 | _a972.910 64 826fid | |
| 100 | 1 |
_aBravo, Estela _edir. |
|
| 245 | 1 | 0 |
_aFidel : _bla historia no contada |
| 260 |
_aBuenos Aires : _bPágina 12, _c2003. |
||
| 520 | _aRepasa la vida de Fidel Castro a partir de imágenes de los archivos estatales cubanos, entrevistas inusuales de diversas personalidades y documentos exclusivos. Superpone lo personal y anecdótico con la historia de la revolución y la lucha de Castro por sobrevivir a la caida del campo socialista y al bloqueo norteamericano. | ||
| 650 | 4 | _aBIOGRAFIAS | |
| 650 | 4 | _aCUBA | |
| 650 | 4 | _aMOVIMIENTOS SOCIALES | |
| 650 | 4 | _aREVOLUCION | |
| 651 | 4 | _aCuba | |
| 653 | _aDOCUMENTALES | ||
| 653 | _aVIDEOS | ||
| 710 | 2 | _aPágina 12 (firma comercial : Buenos Aires) | |
| 905 | _a18572 | ||
| 942 | _cVIDEO | ||
| 999 |
_c54502 _d54502 |
||